000 00614cam a22001932 4500
001 0000006293
005 20151217145831.0
008 071012s xx 000 0 eng d
020 _a8177583786 :
_cKES 3400
040 _aKABU
_cKABU
100 1 _aRoyce, Walker.
_@0000157706
245 1 0 _aSoftware project management :
_ba unified framework /
_cWalker Royce.
260 _aNew Delhi :
_bDorling Kindersley,
_c1998.
300 _axxviii,406 p.
650 0 _aComputer software
_xDevelopment
_xManagement.
_@0000154567
908 _a071012
950 _@1
999 _c3094
_d3094